Normal view
MARC view
- Offshore Structures,Marine Geotechnics
Entry Topical Term
001 - CONTROL NUMBER
- control field: 7514
003 - CONTROL NUMBER IDENTIFIER
- control field: OSt
005 - DATE AND TIME OF LATEST TRANSACTION
- control field: 20260107121742.0
008 - FIXED-LENGTH DATA ELEMENTS
- fixed length control field: 260107|| aca||aabn | a|a d
040 ## - CATALOGING SOURCE
- Original cataloging agency: OSt
- Transcribing agency: OSt
150 ## - HEADING--TOPICAL TERM
- Topical term or geographic name entry element: Offshore Structures,Marine Geotechnics
670 ## - SOURCE DATA FOUND
- Source citation: Work cat.: (OSt)754863: Aubeny,Charles 7513, Geomechanics of Marine Anchors/, ,2018
